=LDR 00000nam 2200000 4500 =001 000779 =005 20250711110216 =035 ##$$a 0010-0725000648 =007 ta =008 250711################a##########0#ind## =020 ##$$a 978-623-307- 988-4 =082 ##$$a 398.209 598 =084 ##$$a 398.209 598 SHR a =100 #$$a Shrestha, kedar =245 1#$$a Apel Manis Untuk Mama /$c Kedar Shrestha =250 ##$$a Cetakan pertama =260 ##$$a Jakarta :$b Badan pengembangan dan pembinaan bahasa,$c 2022 =300 ##$$a 16 hlm. : $b Ilus. ; $c 22,9 cm =650 #4$$a Cerita anak indonesia-terjemahan =650 #4$$a Literasi-bahan bacaan